| 000 | 00506nam a2200193 4500 | ||
|---|---|---|---|
| 001 | 10455 | ||
| 005 | 20230410123700.0 | ||
| 008 | 060907n2003 dr spa | ||
| 020 | _a2711002489 | ||
| 035 | _9funglode10538 | ||
| 041 | _aFR | ||
| 050 | 1 | 4 | _aR K 38 B623d 2003 |
| 100 | _aBissardon, Sebastian | ||
| 245 | 1 |
_aDroit et justice en 1400 citations et adages / _cSebastian Bissardon |
|
| 260 |
_aParis : _bLitec, _c2003 |
||
| 300 | _a211 p. | ||
| 440 | _aCarré droit | ||
| 942 |
_2lcc _cbk |
||
| 999 |
_c66222 _d66222 |
||